000 00784nam a22002657a 4500
008 130720b xxu||||| |||| 00| 0 eng d
020 _a81-7366-150-2
024 _cAvailable
037 _cAvailable
040 _aMBSTU LIBRARY
_dMBSTU LIBRARY
082 _222
_a005.74 KAB
100 _aKauffman, John.
110 _aKavin Speneer and Thearon Willis.
245 _aBeginning ASP databases.
260 _aCalcutta
_bSPD Private Ltd.
_c1999
300 _a24 cm.
_bxix, 825 page
_f1
_g24 cm.
600 _2Database management.
650 _2Database management.
700 _aKauffman, John.
710 _aKavin Speneer and Thearon Willis.
270 _aCalcutta
_bCalcutta.
_dIndia
365 _b632.00
_d632.00
942 _2ddc
_cBK
999 _c574
_d574